Historia de la globalización II (Registro nro. 5083)

Detalles MARC
000 -LEADER
fixed length control field 01183 a2200229 4500
001 - CONTROL NUMBER
control field 53100
005 - DATE AND TIME OF LATEST TRANSACTION
control field 20260407155804.0
008 - FIXED-LENGTH DATA ELEMENTS--GENERAL INFORMATION
fixed length control field 260407a2000 arg spa d
003 - CONTROL NUMBER IDENTIFIER
control field AR-UNSa-BCEJYS
040 ## - CATALOGING SOURCE
Original cataloging agency AR-UNSa-BCEJYS
Language of cataloging spa
Transcribing agency AR-UNSa-BCEJYS
080 ## - UNIVERSAL DECIMAL CLASSIFICATION NUMBER
Universal Decimal Classification number 94:33
Common auxiliary subdivision Historia económica
020 ## - INTERNATIONAL STANDARD BOOK NUMBER
International Standard Book Number 950-557-361-8
041 ## - LANGUAGE CODE
Language code of text/sound track or separate title spa
100 1# - MAIN ENTRY--PERSONAL NAME
Personal name Ferrer, Aldo
245 10 - TITLE STATEMENT
Title Historia de la globalización II
Name of part/section of a work la revolución industrial y el segundo orden mundial
264 #1 - PRODUCTION, PUBLICATION, DISTRIBUTION, MANUFACTURE, AND COPYRIGHT NOTICE
Place of production, publication, distribution, manufacture Buenos Aires :
Name of producer, publisher, distributor, manufacturer Fondo de Cultura Económica
Date of production, publication, distribution, manufacture, or copyright notice 2000
300 ## - PHYSICAL DESCRIPTION
Extent 398 p.
Dimensions 23 cm.
505 ## - FORMATTED CONTENTS NOTE
Formatted contents note 1. Las vísperas del segundo orden mundial - 2. Ciencia y tecnología - 3. Las ideas políticas - 4. Las ideas económicas - 5. El surgimiento - 6. El apogeo - 7. La declinación - 8. Francia - 9. Los Estados Unidos - 10. Alemania - 11. Japón - 12. Los países marginales - 13. Asia - 14. Medio Oriente - 15. Africa - 16. América Latina - 17. Trayectoria del segundo orden mundial - 18. Desarrollo y subdesarrollo en el mundo global
590 ## - LOCAL NOTE (RLIN)
Local note niveau_biblio:m niveau_hierar:0
856 41 - ELECTRONIC LOCATION AND ACCESS
Uniform Resource Identifier <a href="https://www.biblioeco.unsa.edu.ar/pmb/images/libros/L128448.jpg">https://www.biblioeco.unsa.edu.ar/pmb/images/libros/L128448.jpg</a>
Link text Imagen de portada
Electronic format type image/jpeg
942 ## - ADDED ENTRY ELEMENTS (KOHA)
Koha item type
Existencias
Withdrawn status Lost status Damaged status Not for loan Home library Current library Shelving location Date acquired Total checkouts Full call number Barcode Date last seen Price effective from Koha item type
        Biblioteca Prof. Eusebio Cleto del Rey Biblioteca Prof. Eusebio Cleto del Rey   07/04/2026   94:33 F382h L128448 07/04/2026 07/04/2026 Libro